000
00273nam a2200109Ia 4500
008
190216s9999||||xx |||||||||||||| ||und||
100
_a
Vivekanandan G
245
0
_a
Ward No 7
260
_b
Sahithya Pravarthaka Sahakarana Sangam
650
_a
Malayalam Nadakam
942
_c
BK
999
_c
25905
_d
25905